Normal view
MARC view
- SUPERVISOR ,AHMED SOHAIL
Entry Personal Name
001 - CONTROL NUMBER
- control field: 72044
003 - CONTROL NUMBER IDENTIFIER
- control field: NUST
005 - DATE AND TIME OF LATEST TRANSACTION
- control field: 20210628204731.0
008 - FIXED-LENGTH DATA ELEMENTS
- fixed length control field: 210628|| aca||aabn | a|a d
040 ## - CATALOGING SOURCE
- Original cataloging agency: NUST
- Transcribing agency: NUST
100 ## - HEADING--PERSONAL NAME
- Personal name: SUPERVISOR ,AHMED SOHAIL
670 ## - SOURCE DATA FOUND
- Source citation: Work cat.: (NUST): MRAN, HARIS, ZUNAID 72043, PR-SOF-1272-DESIGN AND FABRICATION OF SOLAR TRACKED THERMAL PARABOLIC COLLECTOR, 2013
